000 01360nam a2200325 c 4500
003 BLK
005 20180420215734.0
008 180413b bul|||||r ||||||| ||bul||
010 _aKNG00024441000
020 _a954-524-175-6
_bиздат.: Унив. изд. Св. св. Кирил и Методий
040 _aBLK
041 _aBUL
_cBUL
080 _aНемска литература
_b821.112.2
_x(091)(075.8)
_z821.112.2(091)(075.8)
100 1 _aБорисова, Багрелия
_eпърви автор
_9254506
139 _aБорисова, Багрелия
_bБ 66
245 1 0 _aИстория на немската литература 1700 - 1830
_bПросвещение, Бурни устреми, Класика, Романтизъм
_cБагрелия Борисова.
257 _aBGR
260 В. Търново
_bУнив. изд. Св. св. Кирил и Методий
_c1998
_fВ. Търново : Абагар
300 _a224 с.
_bс ил., портр., факс.
_c22 см
380 _a82
500 _a850 тир.
650 4 _aНемска литература - история и критика
_9266162
653 _aлитература
653 _aистория
852 _aЦб 197992
856 4 _qpdf
_u
856 4 _qpdf
_u
942 _cKNG
_n0
944 _aCR
_c15.01.2003
_kКети_Илиева
944 _aED
_c10.01.2014
_k
999 _c22097
_d22097